000 00641nam a22002177a 4500
003 UA-OsUOA
001 64941
007 ta
008 20091111b un ||||| |||| 00| 0 ukr d
090 _a94(477.51)
_bС54
942 _cBK
040 _aUA-OsUOA
_bukr
_cUA-OsUOA
_dUA-OsUOA
245 _aСобори наших душ
_bЧернігівському земляцтву 10 років. Календар 2006
_cТуркевич В. Д.
300 _a647 с.
955 _a2
041 _aukr
080 _a94(477.51)
260 _aК.
_c2006
650 7 _a9 Географія. Біографії. Історія
_2UDC
999 _c351042
_d351042